000 00717nam a2200229Ia 4500
001 10681
003 GE_BSU
008 181216s||||||||xx |||||||||||||| ||und||
040 _cGE_BSU
080 _a821.353.1-1
100 _aფორჩხიძე,შალვა
245 _aმე დაგასწარი.
245 _bლექსები
245 _cრედ.ლ.ნანიტაშვილი;მხატვ.თ.გიგაური.
260 _aთბილისი.
260 _bსაბჭ.საქართველო.
260 _c1965.
300 _a170გვ;16სმ.
300 _e1ფ.პორტრ.
653 _aმე დაგასწარი.
942 _cBK
999 _c43932
_d43932